000 00643nam a2200205 i 4500
001 79553
003 ES-MaACL
005 20250824065255.0
007 t|
008 041022s1968 sp ||||1| spa d
100 1 _aHernández, Miguel,
_d1910-1942
_962844
245 1 3 _aEl labrador de más aire /
_cMiguel Hernández.
260 _aMadrid :
_bCuadernos para el Diálogo,
_c1968.
300 _a153 p. ;
_c18 cm.
490 1 _aLibros de teatro ;
_v4
710 2 _aCuadernos para el Diálogo.
_93333
830 1 0 _aLibros de teatro (Cuadernos para el Diálogo)
_v4
_9180757
852 _aES-MaACL
_jC-34823
999 _c79553
_d79553